A poesia dos paineis de S. Vicente (Record no. 93567)

MARC details
000 -LEADER
campo de control de longitud fija 00594nam a2200169 i 4500
001 - NÚMERO DE CONTROL
campo de control 93567
003 - IDENTIFICADOR DE NÚMERO DE CONTROL
campo de control ES-MaACL
005 - FECHA Y HORA DE LA ÚLTIMA TRANSACCIÓN
campo de control 20250907063054.0
007 - CAMPO FIJO DE DESCRIPCIÓN FÍSICA--INFORMACIÓN GENERAL
campo de control de longitud fija t|
008 - DATOS DE LONGITUD FIJA--INFORMACIÓN GENERAL
campo de control de longitud fija 050414s1914 po ||||1| por d
100 1# - ENTRADA PRINCIPAL--NOMBRE DE PERSONA
Nombre de persona Lopes-Vieira, Affonso,
Fechas asociadas al nombre 1878-1947
9 (RLIN) 73293
245 12 - MENCIÓN DEL TÍTULO
Título A poesia dos paineis de S. Vicente
Resto del título : conferencia rializada no Museu Nacional de Arte Antiga de Lisboaaos 26 de dezembro de 1914 /
Mención de responsabilidad, etc. Affonso Lopes Vieira.
260 ## - PUBLICACIÓN, DISTRIBUCIÓN, ETC.
Lugar de publicación, distribución, etc. Lisboa :
Nombre del editor, distribuidor, etc. Ediçao dos "Amigos" do Museu,
Fecha de publicación, distribución, etc. 1914.
300 ## - DESCRIPCIÓN FÍSICA
Extensión 39 p. ;
Dimensiones 26 cm.
852 ## - LOCALIZACIÓN
Ubicación ES-MaACL
Número de control de estantería 1500-F-2
Holdings
Estatus retirado Estado de pérdida Estado de daño No para préstamo Colección Biblioteca de origen Biblioteca actual Ubicación en estantería Fecha de adquisición Fuente de adquisición Total de préstamos Signatura topográfica completa Código de barras Visto por última vez Precio de reemplazo Tipo de ítem Koha
        Colección de folletos Biblioteca del Ateneo de Madrid Biblioteca del Ateneo de Madrid Depósito folletos 17/01/2008     1500-F-2 1097710 23/02/2023 23/02/2023 Folleto